00695cam a22002411 4500001001300000003000400013005001700017008004100034010001700075025001900092035001900111040001700130042001200147050002000159082001300179100004000192245004800232260003900280300002300319504003100342651004200373651003800415sa 67004259 DLC20260227112345.0780930s1967 ii b 000 0 eng  asa 67004259  aPL480:I-E-7491 a(OCoLC)4259169 aDLCcMHdDLC apremarc00aDS480.84b.B277 a309.1/541 aBarve, Sadashiv Govind,d1914-1967.10aFreedom and organisationc[by] S. G. Barve. aBombay,bPopular Prakashanc[1967] avi, 239 p.c23 cm. aBibliographical footnotes. 0aIndiaxPolitics and governmenty1947- 0aIndiaxEconomic conditionsy1947-